00818nam a22002417a 45000010005000000030006000050050017000110080041000280200018000690400029000870820012001161000020001282450075001482500032002232600039002553000051002945050008003455200117003535210029004705210020004996500027005197000030005467002FISKH20250617101718.0250617b cb ||||| |||| 00| 0 eng d a9780241324585 aFISKHbengcFISKHdFISKH a610.695 aHibbert, Clare  aI'm a doctor / cWritten by Clare Hibbert : Illustrated by Mike Byrne  aThis Edition published 2017 aLondon : bLadybird Books ,c2015. a32 pages :bcolor illustrations ;c21x21 cm .  aF  aCould you be a doctor when your grow up? This fun book is filled with exciting facts for future medical experts!8 a400 bLexile estimate 8 aF bRaz-Plus  aChildren vNon-fiction aByrne, MikeeIllustrator